000 00655nam a22001937a 4500
003 0
005 20220816131414.0
008 220816b xxu||||| |||| 00| 0 eng d
020 _a978-0-367-49456-8
050 _aLB1027
_b.C53 2022
245 _aProfessional counseling excellence through leadership and advocacy
_cCatherine Y. Chang; Casey A. Barrio Minton
250 _a2nd ed.
260 _aNew York
_bRoutledge
_cC2022
300 _axvi,363pp.
_c23cm.
_eIncludes references and index.
_fBook
500 _aEducational counseling.
500 _aStudent counselors--professional relationships.
500 _aEducational leadership.
942 _2lcc
_cBK
999 _c364781
_d364781